00389nam a2200145Ia 4500100001600000942000700016654001400023245003800037260002300075082001500098300000800113546001200121999001700133952009300150 aKhurmi/R.S  cBK amechanics aTextbook of Engineering mechanics bS.Chand & C0c2005 a620.2bKHU a840 aENGLISH c32600d32600 001040708CRCaCRCEbCRCEd2023-03-17l0o620.2 KHUp15739r2023-03-17w2023-03-17yBK